01007nam a2200229Ia 4500003000900000008004100009020001800050040001600068080002200084111008800106245022900194260006100423300001600484490003400500650004300534650002900577650005100606650003400657700002400691700002200715710004000737IN-BaIIA211028s9999 xx 000 0 eng d a1-58381-215-6 cIIA Library a082.2:52bASP-347 aConference on Astronomical Data Analysis Software and SystemscUSAd2004 Oct. 24-27 0aAstronomical data analysis software and systemsbXIV, proceedings of a conference held in California, USA, 24-27 Oct 2004cedited by P. L. Shopbell, M. C. Britton and Rick Ebert  aSan FranciscobAstronomical Society of the Pacificc2005 axxxv, 709p. aASP conference series; v. 347 aAstronomy - computer network resources aData mining - congresses aImaging systems in astronomy - data processing aRetrieval system - congresses aBritton, M. C., ed. aEbert, Rick., ed. aAstronomical Society of the Pacific